00174nam a2200073Ia 4500082001600000245002400016100001900040008004100059 aJ 577.7 DAY 0aOceans and beaches  a DAY, Trevor 210825s9999 xx 000 0 und d